Study on cholera disease of kakikabel and their antibodies through haemagglutination and haemagglutination inhibito-test at raksmey village, soyoung commune, baray district, kampong thom province; ការសិក្សាពីជំងឺអាសន្តរោគរបស់ទាពូជកាគីកាប៊ែល និងអង់ទីគ័ររបស់វាតាមរយ:HA និង HI-test នៅភូមិរស្មីរំដោះ ឃុំសូយោង ស្រុកបារាយណ៏ ខេត្តកំពង់ធំ (Record no. 7292)

000 -LEADER
fixed length control field 00952nam a22001577a 4500
003 - CONTROL NUMBER IDENTIFIER
control field OSt
005 - DATE AND TIME OF LATEST TRANSACTION
control field 20160302110334.0
008 - FIXED-LENGTH DATA ELEMENTS--GENERAL INFORMATION
fixed length control field 160302b xxu||||| |||| 00| 0 eng d
040 ## - CATALOGING SOURCE
Transcribing agency RUA
082 ## - DEWEY DECIMAL CLASSIFICATION NUMBER
Classification number VEM HEN 2014 B443 Or.1
100 ## - MAIN ENTRY--PERSONAL NAME
9 (RLIN) 7687
Personal name HENG SOKENG; ហេង សុខអេង
245 ## - TITLE STATEMENT
Title Study on cholera disease of kakikabel and their antibodies through haemagglutination and haemagglutination inhibito-test at raksmey village, soyoung commune, baray district, kampong thom province; ការសិក្សាពីជំងឺអាសន្តរោគរបស់ទាពូជកាគីកាប៊ែល និងអង់ទីគ័ររបស់វាតាមរយ:HA និង HI-test នៅភូមិរស្មីរំដោះ ឃុំសូយោង ស្រុកបារាយណ៏ ខេត្តកំពង់ធំ
260 ## - PUBLICATION, DISTRIBUTION, ETC. (IMPRINT)
Place of publication, distribution, etc. Phnom Penh
Name of publisher, distributor, etc. RUA
Date of publication, distribution, etc. 2014
300 ## - PHYSICAL DESCRIPTION
Extent x;33p.
Other physical details ill.
Dimensions 29cm.
942 ## - ADDED ENTRY ELEMENTS (KOHA)
Source of classification or shelving scheme
Koha item type VEM
Holdings
Price effective from Date last seen Permanent Location Not for loan Date acquired Source of classification or shelving scheme Koha item type Lost status Withdrawn status Date last checked out Total Checkouts Shelving location Damaged status Barcode Current Location Full call number
2016-03-022016-03-02Library Block B 2016-03-02 VEM    B443 RUA053745Library Block BVEM HEN 2014 B443 Or.1
2016-03-022016-03-02Library Block B 2016-03-02 VEM    B443 RUA053831Library Block BVEM HEN 2014 B443 Or.2
2016-03-022016-03-02Library Block B 2016-03-02 VEM    B443 RUA053771Library Block BVEM HEN 2014 B443 Or.3
2016-03-022023-01-09Library Block B 2016-03-02 VEM  2022-12-161B443 RUA053766Library Block BVEM HEN 2014 B443 Or.4
2016-03-022016-03-02Library Block B 2016-03-02 VEM    B443 RUA53846Library Block BVEM HEN 2014 B443 Or.5
2016-03-022016-03-02Library Block B 2016-03-02 VEM    B443 RUA053527Library Block BVEM HEN 2014 B443 Or.6
2016-03-022016-03-02Library Block B 2016-03-02 VEM    B443 RUA53847Library Block BVEM HEN 2014 B443 Or.7
2016-03-022016-03-02Library Block B 2016-03-02 VEM    B443 RUA053525Library Block BVEM HEN 2014 B443 Or.8
2021-11-102021-11-10Library Block B 2021-11-10 VEM    B690 a067418Library Block BVEM HEN 2014 B690 Or.1
មជ្ឈមណ្ឌលឯការនៃសាកលវិទ្យាល័យភូមិន្ទកសិកម្មចំការដូង

Powered by Koha